Perestroika: (Record no. 5565)

MARC details
000 -LEADER
fixed length control field 00497nac a22001571u 4500
008 - FIXED-LENGTH DATA ELEMENTS--GENERAL INFORMATION
fixed length control field 090318t xxu||||| |||| 00| 0 eng d
020 ## - INTERNATIONAL STANDARD BOOK NUMBER
International Standard Book Number 0880331976
082 ## - DEWEY DECIMAL CLASSIFICATION NUMBER
Classification number 354.47072
Item number SER
245 ## - TITLE STATEMENT
Title Perestroika:
Remainder of title New thinking for our country and the world/
Statement of responsibility, etc Mikhail Gorbachev Sergeevich,
250 ## - EDITION STATEMENT
Edition statement new, updated edition
260 ## - PUBLICATION, DISTRIBUTION, ETC. (IMPRINT)
Place of publication, distribution, etc london:
Name of publisher, distributor, etc Collins .,1987
Date of publication, distribution, etc 1987
300 ## - PHYSICAL DESCRIPTION
Extent 310p.;
Other physical details 18 cm.
500 ## - GENERAL NOTE
General note distributer: Al-Ahram
511 ## - PARTICIPANT OR PERFORMER NOTE
Participant or performer note catalogued by: wessam
942 ## - ADDED ENTRY ELEMENTS (KOHA)
Item type Book - Borrowing
Call number prefix 354.47072SER
Source of classification or shelving scheme Dewey Decimal Classification
Holdings
Withdrawn status Item status Damaged status Not for loan Home library Current library Shelving location Date acquired Source of acquisition Total Checkouts Full call number Barcode Date last seen Koha item type
        Central Library Central Library First floor 31/10/2007 Purchase   354.47072SER 000006708 15/07/2025 Book - Borrowing